Photos des années 1970 - Statistiques

Statistiques générales
  • Ce quiz a été pris 19 fois
  • Le résultat moyen est 4 sur 10
Statistiques - réponses
Hint Réponse % Correct
1972
- le première console de jeu vidéo est commercialisé
- attentat aux jeux olympiques de Munich
- crash d'un avion dans les Andes transportant un équipe de rugby
81%
1976
- coup d'état en Argentine
- première cassette VHS
- Bicentenaire des États-Unis
56%
1970
- coupe du monde au Mexique
- le Japon lance son premier satellite dans l'espace
- protestation contre la guerre du Vietnam aux États-Unis
50%
1977
- sortie de l'Atari 2600
- sortie du premier Star Wars
- sortie du premier micro-ordinateur d'Apple
44%
1971
- Idi Amin Dada devient dictateur en Ouganda
- Intel commercialise le premier microprocesseur
- fondation des Émirats Arabes Unis
31%
1973
Premier choc pétrolier
31%
1978
Accords de Camp David entre l'Égypte et Israël
31%
1979
Invasion de l'Afghanistan par l'URSS
25%
1975
Mission Apollo-Soyouz (première mission spatiale entre l'URSS et les États-Unis)
19%
1974
Découverte du crâne de Lucy
13%
Aucun quiz correspondant
Distribution des résultats
% des personnes avec chaque résultat
Percentile par nombre de réponses
Votre historique - résultats
Vous n’avez pas pris ce quiz